00846nam a2200205Ia 450000500170000000800410001702000180005804000360007604100080011210000200012024500970014026000540023730000300029149000290032150400410035065000330039165000720042465000790049665000650057520211112074529.0130821s2008 xxua gr eng  a9783790820256 aCo-BoUCMbspac[Nuevo]d[Nuevo]00aeng1 aPeters, Bettina10aInnovation and firm performance an empirical investigation for German firmscBettina Peters aNueva York (Estados Unidos)bPhysica-Verlagc2008 a226 páginasbgráficos 0aZEW Economic Studiesv38 aIncluye referencias bibliográficas04aAdministración de empresas04aAdministración de empresasxInnovaciones tecnológicaszAlemania04aAdministración de la producciónxInnovaciones tecnológicaszAlemania04aInnovaciones tecnológicasxAspectos económicoszAlemania